rivers in hungary - Statistics

General Stats
  • This quiz has been taken 64 times
    56 since last reset
  • The average score is 13 of 23
Answer Stats
Hint Answer % Correct
biggest, flows through the capital danube | duna
100%
2nd biggest, has a lake and meets the 1st answer in serbia tisza
100%
it mainly flows in romania, but hungary has a little of it near szeged maros
87%
flows at the border with croatia drava
84%
flows into the balaton, and a famous drink is named after it sió
84%
5 rivers forming all ending with the same name (write the end of the names of them) kőrös
82%
flows from austria and meets with the above and the below in gyor and flows in the 1st answer rába
78%
has a county named after it zala
73%
flows from slovakia to hungary, it flows into hungary in Sátoraljaujhely, bonus hint: b___og bodrog
69%
flows from slovakia and hungary, it has a national park named after it ipoly
69%
the capital of the county somogy has it in its name kapos
69%
____szentpéter (near the tisza) sajó
69%
only flows in hungary, from the border of slovakia to szolnok, starts with Z zagyva
62%
similar name to the above, it flows from the hanság rábca
56%
no7's biggest river flowing into it, has a region in slovenia named after it mura | mur
47%
near romania, city hint: _______újfalu berettyó
40%
a river that flows from the 1st answer, flows through győr and flows back into the 1st answer mosoni-duna | moson danube
40%
flows from no.8 to slovakia hernád
33%
flows from the second answer to romania, ______vásárhely is named after it szamos
29%
even thought its only in the border with slovakia, its considered a river in hungary, starts with L Lajta
27%
also flows into no7, upper balaton, starts with M marcal
22%
hard: starts with K or C (depending in which language), flows into romania a little kraszna
11%
border with austria, flows into no11, starts P pinka
11%
No matching quizzes found
Score Distribution
Percent of People with Each Score
Percentile by Number Answered
Your Score History
You have not taken this quiz since the last reset